The character of a tavern : with a brief draught of a drawer.

Bibliographic Details
Main Author: Earle, John, 1601?-1665
Format: eBook
Language:English
Published: London : Printed for D.A., 1675.
Series:Early English books online.
Subjects:
Online Access:Connect to the full text of this electronic book

MARC

Tag First Indicator Second Indicator Subfields
LEADER 00000nam a2200000Ia 4500
001 in00004269708
005 20200810073446.0
006 m g d
007 cr bn |||a|bb|
008 850715s1675 enk o 00| | eng d
035 |a (OCoLC)12264319 
040 |a EAA  |c EAA  |d m/c  |d WaOLN 
037 |a CL0037000004  |b ProQuest Information and Learning. 300 N. Zeeb Rd., Ann Arbor, MI 48106 
049 |a UMIA 
100 1 |a Earle, John,  |d 1601?-1665. 
245 1 4 |a The character of a tavern :  |b with a brief draught of a drawer. 
260 |a London :  |b Printed for D.A.,  |c 1675. 
300 |a 1 online resource ([3], 6 pages) 
336 |a text  |b txt  |2 rdacontent 
337 |a computer  |b c  |2 rdamedia 
338 |a online resource  |b cr  |2 rdacarrier 
500 |a Attributed to J. Earle. Cf. Wing. 
500 |a Reproduction of original in British Library. 
510 4 |a Wing  |c E87 
533 |a Electronic reproduction.  |b Ann Arbor, Mich. :  |c UMI,  |d 1999-  |f (Early English books online)  |n Digital version of: (Early English books, 1641-1700 ; 141:14)  |7 s1999 miun s 
650 0 |a Hotels. 
650 0 |a Bars (Drinking establishments) 
650 0 |a Taverns (Inns) 
830 0 |a Early English books online. 
856 4 0 |u http://proxy.library.tamu.edu/login?url=https://search.proquest.com/docview/2240970124  |z Connect to the full text of this electronic book  |t 0 
999 f f |s 3f43025a-d2dc-36cd-9b8d-a52063adc463  |i 5d98e050-61a8-3b3b-b0c2-1d924f5be305  |t 0 
952 f f |a Texas A&M University  |b College Station  |c Electronic Resources  |d Available Online  |t 0  |h No information provided 
998 f f |t 0  |l Available Online